000 00634nam a22001937a 4500
999 _c3065
_d3065
003 AR-CdUCM
008 190227b ||||| |||| 00| 0 spa d
040 _aMUNICIPALIDAD PROVINCIAL DEL CUSCO
_cBIBLIOTECA MUNICIPAL DEL CUSCO
082 _a869.569 /
_bF24
100 _aFerrari, Américo
_910403
245 _aEl universo poético de César Vallejo :
_bensayo /
_cAmérico Ferrari
260 _aLima :
_bMonte Avila,
_c1972.
300 _a355 páginas. ;
_c18 cm.
440 _aColección Prisma.
_n380
_910404
650 _aVallejo, César
_910405
650 _aCrítica e interpretación
_91144
942 _2ddc
_cLIBROS
945 _arac